| 000 | 01044cam a22003137a 4500 | ||
|---|---|---|---|
| 003 | CHAP | ||
| 005 | 20220329133844.0 | ||
| 008 | 971013s1965 mx a r 00010 spa d | ||
| 010 | _a11841 | ||
| 011 | _a12813 | ||
| 035 | _a16511 | ||
| 040 | _cCHAP | ||
| 090 | _aTesis | ||
| 100 | 0 | 0 |
_aRíos Rosillo, Fernando. _999239 |
| 245 | 1 | 3 | _aLa biología del picudo del tallo de la caña de azúcar (Cholus morio Champ.) |
| 260 |
_aChapingo, Méx. : _bEl autor, _c1965 |
||
| 300 |
_a44 h. _b: ilus. |
||
| 502 | _aTesis (Ing. Agr. Esp. en Parasitología Agrícola) -- ENA. Departamento de Parasitología Agrícola | ||
| 590 |
_aALEPH _b10 _c20130110 _lUCH01 _h1230 |
||
| 590 |
_aBATCH-UPD _b10 _c20130110 _lUCH01 _h2319 |
||
| 590 |
_aBATCH-UPD _b10 _c20130410 _lUCH01 _h1610 |
||
| 590 |
_aBATCH-UPD _b10 _c20130914 _lUCH01 _h1731 |
||
| 590 |
_aCONVERSION _b10 _c20130109 _lUCH01 _h1308 |
||
| 650 | 1 | 4 |
_aCholus morio. _922856 |
| 901 | _aBK | ||
| 942 | _cFOLL | ||
| 949 |
_bBC _cTES _d-154139 _eTS1 _i16511 _si |
||
| 949 |
_bBC _cTES _d-154140 _eTS2 _fc.2 _i16511 _si |
||
| 999 |
_c11841 _d11841 |
||